00535 2200181 4500001002100000008004100021035002000062082000800082084001400090100004300104245010800147250000600255260004200261300001200303650001400315990001200329990001200341INLIS000000000000620 ind  a0010-0424000596 a510 a510 LEM k aLembaga Olimpiade Pendidikan Indonesia aKumpulan Soal dan Pembahasan Olimpiade Sains Matematika Jilid 1cLembaga Olimpiade Pendidikan Indonesia a1 aJakarta :bBina Prestasi Insanic2014 a124 hlm aNon Fiksi a0722428 a0722429